[Event "British Columbia op"]
[Site "Burnaby CAN"]
[Date "2025.02.16"]
[Round "4.29"]
[White "Yang, Larry"]
[Black "Wangluo, Joanne"]
[Result "1/2-1/2"]
[WhiteElo "1685"]
[BlackElo "1641"]
[WhiteFideId "-1"]
[WhiteFideId "-1"]
[PlyCount "52"]
[GameId "2162699947421292"]
[EventDate "2025.02.15"]
[EventType "swiss"]
[EventRounds "6"]
[EventCountry "CAN"]

1. e4 c5 2. Nf3 e6 3. d4 cxd4 4. Nxd4 a6 5. Nc3 b5 6. a3 Bb7 7. Be3 d6 8. f3 Nf6 9. Be2 Be7 10. Qd2 Nbd7 11. Nb3 Rc8 12. Rd1 O-O 13. O-O Re8 14. Rfe1 d5 15. exd5 Nxd5 16. Nxd5 Bxd5 17. Nd4 h6 18. Rc1 Nf6 19. Bd3 Bc5 20. Qf2 Qc7 21. Kh1 Bd6 22. Qh4 Qd8 23. Red1 Nd7 24. Qxd8 Rexd8 25. Ne2 Nc5 26. Bxc5 Bxc5 1/2-1/2

[Event "British Columbia op"]
[Site "Burnaby CAN"]
[Date "2025.02.16"]
[Round "4.30"]
[White "Ibrahim, Ismail"]
[Black "Imoo, Joshua"]
[Result "1/2-1/2"]
[WhiteElo "2020"]
[BlackElo "1813"]
[WhiteFideId "-1"]
[WhiteFideId "-1"]
[PlyCount "38"]
[GameId "2162699947421293"]
[EventDate "2025.02.15"]
[EventType "swiss"]
[EventRounds "6"]
[EventCountry "CAN"]

1. e4 e5 2. Nf3 Nf6 3. Nc3 Nc6 4. Bc4 Bc5 5. d3 h6 6. Be3 Bb6 7. O-O d6 8. h3 Be6 9. Bb3 O-O 10. Ne2 Qd7 11. Kh2 d5 12. Bxb6 axb6 13. Ng3 dxe4 14. dxe4 Qxd1 15. Rfxd1 Bxb3 16. cxb3 Rfd8 17. a3 Ne8 18. Nf5 Nf6 19. Ng3 Ne8 1/2-1/2

[Event "British Columbia op"]
[Site "Burnaby CAN"]
[Date "2025.02.16"]
[Round "4.31"]
[White "Fang, Pengsen"]
[Black "Li, Moses"]
[Result "1-0"]
[WhiteElo "1840"]
[BlackElo "1741"]
[WhiteFideId "-1"]
[WhiteFideId "-1"]
[PlyCount "131"]
[GameId "2162699947421294"]
[EventDate "2025.02.15"]
[EventType "swiss"]
[EventRounds "6"]
[EventCountry "CAN"]

1. e4 c6 2. d4 d5 3. exd5 cxd5 4. Bd3 Nc6 5. c3 Nf6 6. Bf4 e6 7. Nf3 Bd6 8. Bxd6 Qxd6 9. Qe2 Nd7 10. O-O h6 11. Nbd2 O-O 12. Rae1 a6 13. Ne5 Ncxe5 14. dxe5 Qb6 15. Nf3 Re8 16. Bb1 Nf8 17. Qd2 Bd7 18. Re3 Ng6 19. Nd4 Red8 20. Rfe1 Be8 21. Rg3 Kh7 22. h4 Kh8 23. h5 Nf8 24. Qe2 g6 25. hxg6 fxg6 26. Qd2 g5 27. f4 Qc7 28. fxg5 h5 29. g6 Qg7 30. Qg5 Kg8 31. Qxh5 b5 32. Rf1 Rd7 33. Rf7 Bxf7 34. gxf7+ Rxf7 35. Rxg7+ Rxg7 36. Bd3 Raa7 37. Qe8 Rge7 38. Qh5 Rg7 39. Qh3 Kf7 40. Qf3+ Kg8 41. Qe2 Kh8 42. a3 Rab7 43. Qh5+ Kg8 44. Qh3 Rbe7 45. Qe3 Rb7 46. g3 Kh8 47. Nxe6 Nxe6 48. Qh6+ Kg8 49. Qxe6+ Kf8 50. Qc8+ Kf7 51. Qxb7+ Kg8 52. Qxd5+ Kf8 53. Kg2 Re7 54. e6 Kg7 55. Qg5+ Kf8 56. Qf6+ Ke8 57. Bg6+ Kd8 58. b4 a5 59. bxa5 b4 60. axb4 Kc8 61. Qxe7 Kb8 62. Bd3 Ka8 63. Kf3 Kb8 64. Bf1 Kc8 65. a6 Kb8 66. Qb7# 1-0

[Event "British Columbia op"]
[Site "Burnaby CAN"]
[Date "2025.02.17"]
[Round "5.1"]
[White "Yang, Jingyun (Ryan)"]
[Black "Zhang, Jasper"]
[Result "1-0"]
[WhiteElo "2331"]
[BlackElo "1720"]
[WhiteFideId "-1"]
[WhiteFideId "-1"]
[PlyCount "61"]
[GameId "2151397239857490"]
[EventDate "2025.02.15"]
[EventType "swiss"]
[EventRounds "6"]
[EventCountry "CAN"]

1. e4 c5 2. Nf3 d6 3. d4 cxd4 4. Nxd4 Nf6 5. Nc3 a6 6. h3 e6 7. g4 Be7 8. g5 Nfd7 9. h4 Nc6 10. Be3 Rb8 11. Be2 Qc7 12. h5 b5 13. a3 Na5 14. Rg1 Nb6 15. Qd3 Nac4 16. b3 Nxe3 17. Qxe3 g6 18. hxg6 hxg6 19. Kd2 Qd8 20. Nc6 Qc7 21. Nxb8 Qxb8 22. Rh1 Rxh1 23. Rxh1 e5 24. Rh8+ Kd7 25. Bg4+ Kc7 26. Bxc8 Nxc8 27. Nd5+ Kd7 28. Qh3+ Kc6 29. Rxc8+ Kb7 30. Qd7+ Ka8 31. Nb6# 1-0

[Event "British Columbia op"]
[Site "Burnaby CAN"]
[Date "2025.02.17"]
[Round "5.2"]
[White "Aljo, Johan"]
[Black "Chen, Yidong"]
[Result "1-0"]
[WhiteElo "2228"]
[BlackElo "2260"]
[WhiteFideId "-1"]
[WhiteFideId "-1"]
[PlyCount "205"]
[GameId "2151397239857491"]
[EventDate "2025.02.15"]
[EventType "swiss"]
[EventRounds "6"]
[EventCountry "CAN"]

1. d4 Nf6 2. c4 g6 3. Nc3 d5 4. Qb3 dxc4 5. Qxc4 Be6 6. Qb5+ Bd7 7. Qb3 c5 8. d5 b5 9. e4 c4 10. Bxc4 bxc4 11. Qb7 Na6 12. Qxa6 Qc8 13. Qxc8+ Rxc8 14. e5 Ng4 15. f4 h5 16. h3 Nh6 17. Be3 a6 18. g3 Bg7 19. Nf3 Nf5 20. Bf2 O-O 21. O-O-O e6 22. Nd4 Nxd4 23. Bxd4 Kh7 24. d6 f6 25. exf6 Bxf6 26. Bxf6 Rxf6 27. h4 Rf5 28. Rhe1 Kg7 29. Rd4 Rfc5 30. Kc2 Kf7 31. Nb1 Ra5 32. Nc3 Rac5 33. Re5 R5c6 34. Nb1 Rb6 35. Na3 Bb5 36. Kc3 Rd8 37. d7 Rb7 38. Rc5 Ke7 39. Nxc4 Rbxd7 40. Rxd7+ Rxd7 41. Ne5 Rd1 42. Nxg6+ Kf6 43. Rg5 Rc1+ 44. Kb3 Bc4+ 45. Ka3 Bd5 46. Ne5 Rg1 47. b3 Rg2 48. Nd7+ Kf7 49. Nc5 a5 50. Nd3 Kf6 51. Ne5 a4 52. Kxa4 Rxa2+ 53. Kb4 Rb2 54. Nc4 Rh2 55. Rxh5 Bf3 56. Rg5 Rh1 57. Ne5 Be2 58. Ng4+ Ke7 59. h5 Bxg4 60. Rxg4 Rxh5 61. Rg5 Rh8 62. Re5 Kd6 63. Kc3 Rc8+ 64. Kb2 Rg8 65. Re3 Rb8 66. Kc3 Rc8+ 67. Kd2 Rg8 68. Ke2 Rh8 69. g4 Rh2+ 70. Kf3 Rh1 71. Kg2 Rh4 72. Rg3 Ke7 73. Kf3 Rh1 74. g5 Kf7 75. g6+ Kg7 76. Ke4 Re1+ 77. Kd4 Rf1 78. Rg4 Rd1+ 79. Kc4 Rd8 80. b4 Rc8+ 81. Kb3 Rb8 82. Ka4 Ra8+ 83. Kb5 Rb8+ 84. Kc5 Rc8+ 85. Kd4 Rb8 86. Kc3 Rc8+ 87. Kb2 Rf8 88. Kb3 Rb8 89. Rg5 Rf8 90. b5 Rxf4 91. b6 Rd4 92. Kc3 Rd6 93. Rb5 Rd8 94. b7 Rb8 95. Kd4 Kxg6 96. Ke5 Kf7 97. Kd6 Kf6 98. Kc7 Rh8 99. b8=Q Rxb8 100. Kxb8 e5 101. Kc7 Ke6 102. Kc6 e4 103. Rd5 1-0

[Event "British Columbia op"]
[Site "Burnaby CAN"]
[Date "2025.02.17"]
[Round "5.3"]
[White "Taylor, Tristan"]
[Black "Liu, Zachary"]
[Result "1/2-1/2"]
[WhiteElo "2074"]
[BlackElo "2137"]
[WhiteFideId "-1"]
[WhiteFideId "-1"]
[PlyCount "59"]
[GameId "2162699947421297"]
[EventDate "2025.02.15"]
[EventType "swiss"]
[EventRounds "6"]
[EventCountry "CAN"]

1. e4 c5 2. Nf3 d6 3. Bb5+ Bd7 4. Bxd7+ Qxd7 5. c4 Nc6 6. d4 cxd4 7. Nxd4 g6 8. Be3 Bg7 9. Nc3 Nf6 10. f3 O-O 11. O-O Rfc8 12. b3 Qd8 13. Qd2 Qa5 14. Rad1 Rab8 15. Nxc6 bxc6 16. Ne2 Qxd2 17. Rxd2 Rb7 18. Rb1 Nd7 19. Kf2 Kf8 20. c5 Nxc5 21. Bxc5 dxc5 22. Rbd1 e6 23. Rc2 Ke7 24. Rxc5 Rd7 25. Rxd7+ Kxd7 26. Rc2 Be5 27. f4 Bc7 28. Kf3 f6 29. Nc1 Bb6 30. Nd3 1/2-1/2

[Event "British Columbia op"]
[Site "Burnaby CAN"]
[Date "2025.02.17"]
[Round "5.4"]
[White "Xu, Andrew"]
[Black "Baldeschi, Niccolò"]
[Result "0-1"]
[WhiteElo "1964"]
[BlackElo "2357"]
[WhiteFideId "-1"]
[WhiteFideId "-1"]
[PlyCount "74"]
[GameId "2162699947421298"]
[EventDate "2025.02.15"]
[EventType "swiss"]
[EventRounds "6"]
[EventCountry "CAN"]

1. e4 c5 2. Nf3 d6 3. Bb5+ Bd7 4. Bxd7+ Qxd7 5. c4 Nc6 6. Nc3 g6 7. d4 cxd4 8. Nxd4 Bg7 9. Be3 Nf6 10. f3 O-O 11. O-O Rfc8 12. b3 Qd8 13. Qd2 Qa5 14. Rfd1 a6 15. Na4 Qd8 16. Rac1 b5 17. Nxc6 Rxc6 18. cxb5 Rxc1 19. Rxc1 axb5 20. Nb6 Rb8 21. Rc6 Nd7 22. Nxd7 Qxd7 23. Qc2 Qe6 24. a4 bxa4 25. bxa4 h5 26. a5 Rb2 27. Rc8+ Kh7 28. Qc4 Rb1+ 29. Kf2 d5 30. Qc6 d4 31. Bf4 Qa2+ 32. Kg3 Rb2 33. a6 Rxg2+ 34. Kh3 Rg1 35. a7 Qg2+ 36. Kh4 g5+ 37. Bxg5 Qxh2# 0-1

[Event "British Columbia op"]
[Site "Burnaby CAN"]
[Date "2025.02.17"]
[Round "5.5"]
[White "Yao, Lucas"]
[Black "Arya, Aadit"]
[Result "1/2-1/2"]
[WhiteElo "2109"]
[BlackElo "1960"]
[WhiteFideId "-1"]
[WhiteFideId "-1"]
[PlyCount "188"]
[GameId "2162699947421299"]
[EventDate "2025.02.15"]
[EventType "swiss"]
[EventRounds "6"]
[EventCountry "CAN"]

1. e4 c6 2. d4 d5 3. exd5 cxd5 4. Bd3 Nc6 5. c3 Nf6 6. Bf4 Bg4 7. Nf3 e6 8. h3 Bh5 9. Nbd2 Bd6 10. Bxd6 Qxd6 11. Qb3 Rb8 12. O-O O-O 13. Rfe1 Rfc8 14. Ne5 b5 15. a3 a6 16. Qa2 a5 17. b4 a4 18. Rac1 Nd7 19. f4 Bg6 20. Bxg6 hxg6 21. Ndf3 Nf6 22. Ng5 Rc7 23. Qf2 Nd8 24. g4 Rbc8 25. Qd2 Nh7 26. Nxh7 Kxh7 27. Qd3 Qe7 28. Re3 Rb8 29. h4 Kg8 30. g5 Nc6 31. Ng4 Qd6 32. Ne5 Nxe5 33. fxe5 Qe7 34. Rf3 Rc4 35. Rcf1 Rbc8 36. Rxf7 Qxf7 37. Rxf7 Kxf7 38. h5 gxh5 39. Qh7 Rg8 40. Qxh5+ Ke7 41. Qf3 Rf8 42. Qg3 Rfc8 43. Qd3 Rxc3 44. Qxb5 Rxa3 45. Qb7+ Kd8 46. Qb6+ Rc7 47. Qd6+ Kc8 48. Qxe6+ Kb8 49. Qb6+ Kc8 50. Qa6+ Kb8 51. Qb5+ Ka7 52. Qa5+ Kb8 53. Qb6+ Kc8 54. Qa6+ Kb8 55. Qf1 Rcc3 56. e6 Rg3+ 57. Kh2 Rh3+ 58. Qxh3 Rxh3+ 59. Kxh3 Kc7 60. b5 a3 61. b6+ Kxb6 62. e7 a2 63. e8=Q a1=Q 64. Qe6+ Kc7 65. Qe7+ Kc6 66. Qc5+ Kd7 67. Qxd5+ Ke7 68. Qb7+ Kf8 69. Qf3+ Ke7 70. Qe3+ Kf8 71. Kg3 Qa6 72. d5 Qg6 73. Kg4 Qc2 74. Qf4+ Kg8 75. Qe5 Qg2+ 76. Kf5 Qh3+ 77. Ke4 Qg2+ 78. Kd4 Qb2+ 79. Ke4 Qg2+ 80. Ke3 Qg1+ 81. Kd3 Qf1+ 82. Kd2 Qf2+ 83. Kc3 Qc5+ 84. Kd3 Qb5+ 85. Kd2 Qb4+ 86. Qc3 Qf4+ 87. Qe3 Qb4+ 88. Kd3 Qb1+ 89. Kc4 Qa2+ 90. Kd4 Qa7+ 91. Ke4 Qe7+ 92. Kf4 Qf7+ 93. Ke4 Qe7+ 94. Kd3 Qa3+ 1/2-1/2

[Event "British Columbia op"]
[Site "Burnaby CAN"]
[Date "2025.02.17"]
[Round "5.6"]
[White "Yin, Andrew"]
[Black "Leong, Ryan"]
[Result "1/2-1/2"]
[WhiteElo "1910"]
[BlackElo "2062"]
[WhiteFideId "-1"]
[WhiteFideId "-1"]
[PlyCount "100"]
[GameId "2162699947421300"]
[EventDate "2025.02.15"]
[EventType "swiss"]
[EventRounds "6"]
[EventCountry "CAN"]

1. e4 c5 2. Nf3 d6 3. d4 cxd4 4. Nxd4 Nf6 5. Nc3 a6 6. f3 e5 7. Nb3 Be6 8. Be3 Be7 9. Qd2 Nbd7 10. O-O-O b5 11. Nd5 Bxd5 12. exd5 Nb6 13. Bxb6 Qxb6 14. Na5 O-O 15. Nc6 Rfe8 16. g4 Rac8 17. Nxe7+ Rxe7 18. g5 Nh5 19. Bd3 Rc5 20. Be4 a5 21. Kb1 b4 22. Rc1 Rec7 23. Ka1 a4 24. c3 bxc3 25. Rxc3 Rxc3 26. bxc3 g6 27. Rc1 Nf4 28. c4 a3 29. Rc3 Qb4 30. Qc2 Ne2 31. Rb3 Qe1+ 32. Rb1 Qc3+ 33. Qxc3 Nxc3 34. Rb4 Nxe4 35. fxe4 f5 36. gxf6 Kf7 37. Kb1 Kxf6 38. Kc2 Kg5 39. Kc3 Kg4 40. Rb6 Rd7 41. c5 dxc5 42. Kc4 Kf3 43. Kxc5 Kxe4 44. d6 Kf5 45. Rb8 Ra7 46. Kb6 Ra4 47. d7 Rb4+ 48. Kc7 Rc4+ 49. Kb6 Rb4+ 50. Kc7 Rc4+ 1/2-1/2

[Event "British Columbia op"]
[Site "Burnaby CAN"]
[Date "2025.02.17"]
[Round "5.7"]
[White "Gao, Justin"]
[Black "Rathburn, Lia"]
[Result "0-1"]
[WhiteElo "2017"]
[BlackElo "1913"]
[WhiteFideId "-1"]
[WhiteFideId "-1"]
[PlyCount "84"]
[GameId "2162699947421301"]
[EventDate "2025.02.15"]
[EventType "swiss"]
[EventRounds "6"]
[EventCountry "CAN"]

1. e4 d6 2. d4 g6 3. Nf3 Bg7 4. c3 a6 5. Bf4 Nd7 6. Qb3 e5 7. Be3 Qe7 8. Nbd2 h6 9. Bd3 Ngf6 10. h3 O-O 11. g4 d5 12. dxe5 Nxe4 13. Nxe4 dxe4 14. Bxe4 Nxe5 15. Nxe5 Qxe5 16. Bg2 Be6 17. Qb4 Bd5 18. O-O Bxg2 19. Kxg2 Qd5+ 20. Kh2 Rfe8 21. Bd4 Bf8 22. Qb3 Bd6+ 23. f4 Re2+ 24. Rf2 Rxf2+ 25. Bxf2 Qd2 26. Kg1 Qxf4 27. Qxb7 Qh2+ 28. Kf1 Qxh3+ 29. Qg2 Qd3+ 30. Kg1 Re8 31. Re1 Rxe1+ 32. Bxe1 Qb1 33. Qe2 Bg3 34. Kf1 Qxe1+ 35. Qxe1 Bxe1 36. Kxe1 Kg7 37. b4 Kf6 38. a4 Ke5 39. Ke2 f5 40. gxf5 gxf5 41. Kf3 h5 42. Kg3 Kd5 0-1

[Event "British Columbia op"]
[Site "Burnaby CAN"]
[Date "2025.02.17"]
[Round "5.8"]
[White "Peiris, T G M"]
[Black "Mohammed Qanee, Arpak Worya"]
[Result "1/2-1/2"]
[WhiteElo "1870"]
[BlackElo "2062"]
[WhiteFideId "-1"]
[WhiteFideId "-1"]
[PlyCount "121"]
[GameId "2162699947421302"]
[EventDate "2025.02.15"]
[EventType "swiss"]
[EventRounds "6"]
[EventCountry "CAN"]

1. c4 Nf6 2. Nc3 e5 3. Nf3 Nc6 4. e3 Bb4 5. Qc2 O-O 6. Nd5 Bc5 7. a3 a5 8. Ng5 g6 9. Nxf6+ Qxf6 10. Ne4 Qe7 11. Nxc5 Qxc5 12. d3 d5 13. Bd2 Be6 14. Rc1 d4 15. Be2 Rad8 16. e4 f5 17. f3 fxe4 18. fxe4 Rf7 19. Bf3 Qe7 20. h4 Rdf8 21. Bg5 Qd7 22. Qe2 h5 23. Bh6 Ra8 24. O-O Kh7 25. Qd2 Qe7 26. Bg5 Qd7 27. Rf2 Ne7 28. Rcf1 Ng8 29. Be2 Rxf2 30. Rxf2 Kg7 31. Bd1 b6 32. Kf1 Bg4 33. Bb3 c5 34. Kg1 Qd6 35. Ba4 Rf8 36. Rxf8 Kxf8 37. Bb5 Kg7 38. Ba6 Nf6 39. Bb7 Be6 40. Bxf6+ Kxf6 41. Qh6 Bf7 42. Qh8+ Ke7 43. Bd5 Bxd5 44. exd5 Qf6 45. Qxf6+ Kxf6 46. Kf2 a4 47. Kf3 Kf5 48. g3 e4+ 49. dxe4+ Ke5 50. Ke2 Kd6 51. Kf3 Ke7 52. e5 Kd7 53. Ke4 Ke7 54. Kf4 Kd7 55. e6+ Kd6 56. Kf3 Ke7 57. Ke4 Kd6 58. Kd3 Ke7 59. Kc2 Kd6 60. b3 axb3+ 61. Kb2 1/2-1/2

[Event "British Columbia op"]
[Site "Burnaby CAN"]
[Date "2025.02.17"]
[Round "5.9"]
[White "Lu, Samuel"]
[Black "Suresh, Barath Subramanian"]
[Result "0-1"]
[WhiteElo "1885"]
[BlackElo "1805"]
[WhiteFideId "-1"]
[WhiteFideId "-1"]
[PlyCount "142"]
[GameId "2162699947421303"]
[EventDate "2025.02.15"]
[EventType "swiss"]
[EventRounds "6"]
[EventCountry "CAN"]

1. e4 c5 2. Nc3 g6 3. Nf3 Bg7 4. d4 cxd4 5. Nxd4 Nc6 6. Be3 Nf6 7. Bc4 d6 8. f3 Bd7 9. Qd2 O-O 10. g4 Rc8 11. Be2 Ne5 12. h4 b5 13. h5 b4 14. Nd1 Nc4 15. Bxc4 Rxc4 16. b3 Rc8 17. Qxb4 e5 18. Ne2 Rxc2 19. Ndc3 Qc7 20. Kd1 a5 21. Bb6 axb4 22. Bxc7 Rb2 23. Nb1 Bb5 24. Nd2 Bh6 25. Nc4 Bxc4 26. bxc4 Be3 27. Ke1 Bc5 28. Nc1 Ra8 29. hxg6 hxg6 30. Nd3 Raxa2 31. Rd1 Re2+ 32. Kf1 Red2 33. Rxd2 Rxd2 34. Nxc5 dxc5 35. Bxe5 Rd1+ 36. Kg2 Rxh1 37. Kxh1 Nd7 38. Bf4 Nb6 39. Be3 Nxc4 40. Bxc5 b3 41. Bd4 b2 42. Bxb2 Nxb2 43. Kg2 Nd3 44. g5 Kf8 45. Kg3 Ke7 46. f4 Nc5 47. Kf3 Ke6 48. Ke3 Kd6 49. Kf3 Ne6 50. Kg4 Ng7 51. Kf3 Kc5 52. f5 Kd4 53. Kf4 Nh5+ 54. Kf3 Ke5 55. fxg6 fxg6 56. Ke3 Ng7 57. Kf3 Ne6 58. Kg4 Kxe4 59. Kg3 Kf5 60. Kh4 Nxg5 61. Kg3 Ne4+ 62. Kf3 Kg5 63. Kxe4 Kg4 64. Ke3 g5 65. Kf2 Kh3 66. Kg1 Kg3 67. Kh1 g4 68. Kg1 Kh3 69. Kh1 g3 70. Kg1 g2 71. Kf2 Kh2 0-1

[Event "British Columbia op"]
[Site "Burnaby CAN"]
[Date "2025.02.17"]
[Round "5.10"]
[White "Karthikeyan, Harishkumar"]
[Black "Chen, Yonglong"]
[Result "1-0"]
[WhiteElo "1809"]
[BlackElo "1570"]
[WhiteFideId "-1"]
[WhiteFideId "-1"]
[PlyCount "75"]
[GameId "2162699947421304"]
[EventDate "2025.02.15"]
[EventType "swiss"]
[EventRounds "6"]
[EventCountry "CAN"]

1. e4 c6 2. d4 d5 3. Nc3 dxe4 4. Nxe4 Nf6 5. Nxf6+ exf6 6. c3 Bd6 7. Bd3 O-O 8. Qc2 Re8+ 9. Ne2 h5 10. O-O Nd7 11. Ng3 Bxg3 12. hxg3 Nf8 13. Be3 Be6 14. c4 a5 15. Rad1 Rc8 16. Be2 Bg4 17. Bxg4 hxg4 18. Qe2 f5 19. d5 Qd6 20. Rfe1 cxd5 21. Rxd5 Qb4 22. b3 g6 23. Red1 a4 24. Rb5 Qe7 25. Rbd5 axb3 26. axb3 Ra8 27. Qd2 Qe4 28. Rd4 Qc6 29. Rd6 Qe4 30. Qc3 f4 31. Bxf4 Qe2 32. Bg5 Re5 33. R6d2 Qe4 34. Rd5 Rae8 35. Bf4 Rxd5 36. cxd5 b5 37. Qc7 Qf5 38. d6 1-0

[Event "British Columbia op"]
[Site "Burnaby CAN"]
[Date "2025.02.17"]
[Round "5.11"]
[White "Armstrong, David"]
[Black "Taylor, Ashton"]
[Result "1-0"]
[WhiteElo "1825"]
[BlackElo "2061"]
[WhiteFideId "-1"]
[WhiteFideId "-1"]
[PlyCount "71"]
[GameId "2162699947421305"]
[EventDate "2025.02.15"]
[EventType "swiss"]
[EventRounds "6"]
[EventCountry "CAN"]

1. e4 c5 2. Nf3 Nc6 3. Bb5 Nf6 4. e5 Nd5 5. O-O g6 6. Re1 Bg7 7. Nc3 Nc7 8. a4 O-O 9. d3 a6 10. Bc4 Rb8 11. Bf4 b5 12. axb5 axb5 13. Ba2 Nb4 14. Bb3 Bb7 15. Bg3 Ne6 16. Ne4 Qb6 17. Qd2 Nc6 18. c3 Na5 19. Bc2 h6 20. Nxc5 Qxc5 21. Rxa5 Bxf3 22. gxf3 f5 23. exf6 Rxf6 24. Bxb8 Ng5 25. Re3 d6 26. Bd1 Nh3+ 27. Kh1 Qb6 28. b4 Qxb8 29. Qa2+ Kh7 30. Ra8 Nxf2+ 31. Kg1 Qxa8 32. Qxa8 Nxd1 33. Rxe7 g5 34. Qb7 Rg6 35. Qe4 Nxc3 36. Qf5 1-0

[Event "British Columbia op"]
[Site "Burnaby CAN"]
[Date "2025.02.17"]
[Round "5.12"]
[White "Zhang, Kai Zhongkai"]
[Black "Zhu, Daniel"]
[Result "0-1"]
[WhiteElo "1937"]
[BlackElo "1821"]
[WhiteFideId "-1"]
[WhiteFideId "-1"]
[PlyCount "106"]
[GameId "2162699947421306"]
[EventDate "2025.02.15"]
[EventType "swiss"]
[EventRounds "6"]
[EventCountry "CAN"]

1. e4 c5 2. Nf3 d6 3. d4 Nf6 4. Nc3 cxd4 5. Nxd4 Nc6 6. Bg5 Bd7 7. Be2 Rc8 8. O-O a6 9. a4 e6 10. Nb3 Be7 11. Qd2 Qc7 12. Rfd1 Ne5 13. f4 Qb6+ 14. Kh1 Neg4 15. Bxg4 Nxg4 16. Qd4 Qxd4 17. Rxd4 f6 18. Bh4 g5 19. fxg5 fxg5 20. Bg3 Ne3 21. Rc1 Nc4 22. Rb1 Bf6 23. Rd3 Nxb2 24. Rxb2 Rxc3 25. Rxc3 Bxc3 26. Rb1 e5 27. Rd1 Ke7 28. Rd3 Rc8 29. h4 h6 30. a5 Bb4 31. hxg5 hxg5 32. Bf2 Rxc2 33. Bb6 Ke6 34. Rh3 Bc6 35. Re3 Rc3 36. Kh2 Rxe3 37. Bxe3 Kf6 38. Bd2 Ba3 39. Kg3 Bxe4 40. Bc3 Kf5 41. Kf2 d5 42. g3 d4 43. Bd2 Bd5 44. Nc1 e4 45. Ke2 Bc4+ 46. Kd1 e3 47. Be1 d3 48. Bc3 Bxc1 49. Bd2 Bb3+ 50. Ke1 exd2+ 51. Kf2 d1=Q 52. Kg2 Bd5+ 53. Kf2 Qe2+ 0-1

[Event "British Columbia op"]
[Site "Burnaby CAN"]
[Date "2025.02.17"]
[Round "5.13"]
[White "Tu, Liam"]
[Black "Guo, Biaobiao Boyong"]
[Result "0-1"]
[WhiteElo "1819"]
[BlackElo "1895"]
[WhiteFideId "-1"]
[WhiteFideId "-1"]
[PlyCount "66"]
[GameId "2162699947429499"]
[EventDate "2025.02.15"]
[EventType "swiss"]
[EventRounds "6"]
[EventCountry "CAN"]

1. d4 Nf6 2. c4 g6 3. f3 Bg7 4. e4 d6 5. Nc3 O-O 6. Bg5 h6 7. Be3 e5 8. d5 a5 9. Qd2 Kh7 10. O-O-O Na6 11. g4 Nd7 12. h4 Ndc5 13. g5 h5 14. Nge2 b6 15. Ng3 Nb4 16. Qg2 f5 17. gxf6 Qxf6 18. Be2 Bh6 19. Bxh6 Kxh6 20. Kb1 a4 21. Rhg1 a3 22. b3 Bd7 23. Nh1 Be8 24. Qf2 Qf4 25. Rg2 Nxb3 26. Rgg1 Nd2+ 27. Rxd2 Qxd2 28. Bd1 Qd3+ 29. Bc2 Qxc3 30. Bb3 Rxf3 31. Qg2 Qd3+ 32. Ka1 Qd4+ 33. Kb1 Rxb3+ 0-1

[Event "British Columbia op"]
[Site "Burnaby CAN"]
[Date "2025.02.17"]
[Round "5.14"]
[White "Landingin, Jofrel"]
[Black "Wu, Bowen"]
[Result "0-1"]
[WhiteElo "1693"]
[BlackElo "1880"]
[WhiteFideId "-1"]
[WhiteFideId "-1"]
[PlyCount "74"]
[GameId "2162699947429500"]
[EventDate "2025.02.15"]
[EventType "swiss"]
[EventRounds "6"]
[EventCountry "CAN"]

1. e4 e6 2. f4 d5 3. e5 Bd7 4. Nf3 a6 5. Nc3 c5 6. d3 Nc6 7. g3 Nge7 8. Bg2 Nf5 9. O-O Be7 10. a3 f6 11. exf6 Bxf6 12. Re1 O-O 13. Kh1 Qc7 14. Rb1 b5 15. Ne2 a5 16. c3 b4 17. d4 cxd4 18. cxd4 Qb6 19. Ne5 Bxe5 20. dxe5 bxa3 21. b3 a2 22. Ra1 Nb4 23. Nc3 Rac8 24. Nxa2 Nc2 25. Rb1 Nxe1 26. Qxe1 Rc2 27. Nc3 d4 28. Ne4 Bc6 29. Bf3 Qb7 30. Rb2 Rxb2 31. Bxb2 Qxb3 32. Qe2 d3 33. Qd2 Qb7 34. Qxd3 Bxe4 35. Bxe4 Qxb2 36. Qc4 Qa1+ 37. Kg2 Ne3+ 0-1

[Event "British Columbia op"]
[Site "Burnaby CAN"]
[Date "2025.02.17"]
[Round "5.15"]
[White "Lin, Michael"]
[Black "Cachelin, Justin"]
[Result "1-0"]
[WhiteElo "1794"]
[BlackElo "1867"]
[WhiteFideId "-1"]
[WhiteFideId "-1"]
[PlyCount "75"]
[GameId "2162699947429501"]
[EventDate "2025.02.15"]
[EventType "swiss"]
[EventRounds "6"]
[EventCountry "CAN"]

1. d4 Nf6 2. c4 c5 3. d5 g6 4. Nc3 d6 5. Nf3 Bg7 6. Nd2 e6 7. e4 exd5 8. cxd5 O-O 9. Be2 a6 10. a4 Ne8 11. O-O f5 12. Ra3 f4 13. Bg4 Nd7 14. Nc4 h5 15. Be6+ Kh7 16. Ne2 f3 17. gxf3 Rb8 18. f4 Ndf6 19. Bxc8 Rxc8 20. Qc2 Ng4 21. h3 Nh6 22. a5 Nc7 23. Rg3 h4 24. Rg2 Nb5 25. Kh2 Nd4 26. Nxd4 cxd4 27. Qd3 Qc7 28. b3 Rf6 29. Rfg1 Rcf8 30. e5 dxe5 31. Rxg6 Rxg6 32. Qxg6+ Kh8 33. d6 Qf7 34. Nxe5 Qg8 35. d7 Rf6 36. Qxg7+ Qxg7 37. Rxg7 Rd6 38. Rg6 1-0

[Event "British Columbia op"]
[Site "Burnaby CAN"]
[Date "2025.02.17"]
[Round "5.16"]
[White "Yin, Aiden"]
[Black "Xu, Joey"]
[Result "0-1"]
[WhiteElo "1863"]
[BlackElo "1811"]
[WhiteFideId "-1"]
[WhiteFideId "-1"]
[PlyCount "152"]
[GameId "2162699947429502"]
[EventDate "2025.02.15"]
[EventType "swiss"]
[EventRounds "6"]
[EventCountry "CAN"]

1. e4 e6 2. d4 d5 3. Nc3 Nf6 4. Bg5 dxe4 5. Nxe4 Be7 6. Bxf6 gxf6 7. Nf3 f5 8. Nc3 a6 9. Be2 Bf6 10. Qd2 Qd6 11. O-O-O b5 12. Qh6 Nd7 13. Ne5 Qf8 14. Qxf8+ Kxf8 15. Bf3 Rb8 16. Nc6 Rb6 17. Rhe1 Bb7 18. Ne5 Nxe5 19. Bxb7 Ng4 20. f3 Bg5+ 21. Kb1 Nf2 22. f4 Nxd1 23. Nxd1 Bh4 24. g3 Bxg3 25. hxg3 Rxb7 26. Nf2 Rg8 27. Re3 h5 28. Kc1 Ke7 29. Kd2 Rd8 30. Kc3 Rb6 31. Rd3 b4+ 32. Kb3 a5 33. Nh3 Ra8 34. Rd2 h4 35. gxh4 Rh8 36. Nf2 Rxh4 37. Nd3 Rh1 38. Re2 Rd6 39. Re5 Rxd4 40. Rxa5 Rh3 41. Ka4 Rc4 42. Rc5 Rxc5 43. Nxc5 Rh2 44. Kxb4 Rxc2 45. Nd3 Kd6 46. Kb3 Rh2 47. a4 Rh1 48. Kb4 Rd1 49. Kc4 Ra1 50. Kb4 f6 51. a5 Kc6 52. b3 Rd1 53. Kc4 Rxd3 54. Kxd3 Kb5 55. b4 e5 56. Kc3 c5 57. bxc5 Kxa5 58. Kd3 Kb5 59. c6 Kxc6 60. Kc4 e4 61. Kb3 Kd5 62. Kc2 Kd4 63. Kd2 e3+ 64. Ke2 Ke4 65. Ke1 Kxf4 66. Ke2 Ke4 67. Ke1 Kd3 68. Kd1 f4 69. Ke1 e2 70. Kf2 Kd2 71. Kg2 e1=Q 72. Kh2 Qg3+ 73. Kh1 Qg4 74. Kh2 Ke2 75. Kh1 Kf2 76. Kh2 Qg2# 0-1

[Event "British Columbia op"]
[Site "Burnaby CAN"]
[Date "2025.02.17"]
[Round "5.17"]
[White "Lu, Karson"]
[Black "Mingrone, Peter"]
[Result "1/2-1/2"]
[WhiteElo "1733"]
[BlackElo "1856"]
[WhiteFideId "-1"]
[WhiteFideId "-1"]
[PlyCount "142"]
[GameId "2162699947429503"]
[EventDate "2025.02.15"]
[EventType "swiss"]
[EventRounds "6"]
[EventCountry "CAN"]

1. d4 Nf6 2. Bf4 g6 3. e3 Bg7 4. c3 d6 5. Nf3 O-O 6. Nbd2 Nbd7 7. Be2 c5 8. O-O b6 9. a4 Bb7 10. a5 Qc7 11. a6 Bc6 12. b4 Nd5 13. Qb3 Nxf4 14. exf4 Nf6 15. dxc5 bxc5 16. bxc5 dxc5 17. Ne5 Rab8 18. Qc2 Ba8 19. c4 Nd7 20. Nxd7 Qxd7 21. Rab1 Qc6 22. Bf3 Qxa6 23. Bxa8 Rxa8 24. Rb5 Rac8 25. Nb3 Qd6 26. g3 Rfd8 27. Qa2 Rd7 28. Ra5 Rcc7 29. Qa3 Bc3 30. Ra6 Bb4 31. Qa2 Qd3 32. Na5 Rd6 33. Rxd6 exd6 34. Qa4 Kg7 35. Rd1 Qc3 36. Nc6 a5 37. Rxd6 Qe1+ 38. Kg2 Qe4+ 39. Kg1 Qe1+ 40. Kg2 Qe4+ 41. Kg1 Qxc4 42. Nxa5 Qc1+ 43. Rd1 Qa3 44. Qxa3 Bxa3 45. Nc4 Bb4 46. Kg2 Ra7 47. Rc1 Ra2 48. Ne3 Bd2 49. Rc2 Rxc2 50. Nxc2 Kf6 51. Kf3 Ke6 52. Ke4 Kd6 53. Na3 Kc6 54. Nc4 Bc3 55. Kd3 Bd4 56. Ne3 Bxe3 57. fxe3 f5 58. e4 fxe4+ 59. Kxe4 Kb5 60. Kd3 c4+ 61. Kc3 Kc5 62. g4 Kd5 63. f5 gxf5 64. gxf5 h5 65. f6 Ke6 66. f7 Kxf7 67. Kxc4 Ke6 68. Kd4 Kf5 69. Ke3 Kg4 70. Kf2 Kh3 71. Kg1 Kg4 1/2-1/2